=LDR 00000nam 2200000 4500 =001 INLIS000000000006387 =005 20220610022241 =035 ##$$a 0010-0622000248 =245 1#$$a Wearables Attract New Components /$c TETSUO HIRAYAMA =100 1#$$a HIRAYAMA, Tetsuo =250 ##$$a Edisi Vol. 19, Serial No. 219 Desember 2014 =300 ##$$a 74 halaman : $b Tabel, Gambar ; $c 21x28 cm =260 ##$:$b Dempa Asia Electronics Industry,$c 2014 =082 ##$$a 050.37 =084 ##$$a 050.37 HIR w =500 ##$$a Special Report : Solder Materials Get Rid of Voids Halogen-Free Solders Keep up Quality =990 ##$$a 20/MJ-16